Energy conservation handbook (Record no. 46054)
[ view plain ]
| 000 -LEADER | |
|---|---|
| fixed length control field | 00450nam a22001457a 4500 |
| 008 - FIXED-LENGTH DATA ELEMENTS--GENERAL INFORMATION | |
| fixed length control field | 230621b |||||||| |||| 00| 0 eng d |
| 040 ## - CATALOGING SOURCE | |
| Original cataloging agency | National Science Library |
| Transcribing agency | National Science Library |
| 080 ## - UNIVERSAL DECIMAL CLASSIFICATION NUMBER | |
| Universal Decimal Classification number | R 620.9(035) |
| Item number | M8 |
| 245 ## - TITLE STATEMENT | |
| Title | Energy conservation handbook |
| Statement of responsibility, etc. | / Utility Publications Ltd. |
| 260 ## - PUBLICATION, DISTRIBUTION, ETC. | |
| Place of publication, distribution, etc. | Secunderabad: |
| Name of publisher, distributor, etc. | Utility Publications Ltd., |
| Date of publication, distribution, etc. | 1988 |
| 300 ## - PHYSICAL DESCRIPTION | |
| Extent | 346p. |
| 650 ## - SUBJECT ADDED ENTRY--TOPICAL TERM | |
| Topical term or geographic name entry element | Science |
| 653 ## - INDEX TERM--UNCONTROLLED | |
| Uncontrolled term | Conservation |
| 942 ## - ADDED ENTRY ELEMENTS (KOHA) | |
| Source of classification or shelving scheme | Universal Decimal Classification |
| Koha item type | Handbooks |
| Withdrawn status | Lost status | Source of classification or shelving scheme | Damaged status | Not for loan | Home library | Current library | Shelving location | Date acquired | Total Checkouts | Full call number | Barcode | Date last seen | Price effective from | Koha item type |
|---|---|---|---|---|---|---|---|---|---|---|---|---|---|---|
| Universal Decimal Classification | National Science Library | National Science Library | GF/Rk-14/C-24/R-4 | 19/05/1988 | R 620.9(035) M8 | 169259 | 21/06/2023 | 19/05/1988 | Handbooks |